<?xml version="1.0" encoding="UTF-8"?><?xml-stylesheet type="text/xsl" href="static/style.xsl"?><OAI-PMH xmlns="http://www.openarchives.org/OAI/2.0/" xmlns:xsi="http://www.w3.org/2001/XMLSchema-instance" xsi:schemaLocation="http://www.openarchives.org/OAI/2.0/ http://www.openarchives.org/OAI/2.0/OAI-PMH.xsd"><responseDate>2026-06-01T09:16:48Z</responseDate><request verb="GetRecord" identifier="oai:riuma.uma.es:10630/24685" metadataPrefix="marc">https://riuma.uma.es/rest/oai/request</request><GetRecord><record><header><identifier>oai:riuma.uma.es:10630/24685</identifier><datestamp>2026-02-03T12:21:00Z</datestamp><setSpec>com_10630_2254</setSpec><setSpec>col_10630_37959</setSpec></header><metadata><record xmlns="http://www.loc.gov/MARC21/slim" xmlns:dcterms="http://purl.org/dc/terms/" xmlns:doc="http://www.lyncode.com/xoai" xmlns:xsi="http://www.w3.org/2001/XMLSchema-instance" xsi:schemaLocation="http://www.loc.gov/MARC21/slim http://www.loc.gov/standards/marcxml/schema/MARC21slim.xsd">
   <leader>00925njm 22002777a 4500</leader>
   <datafield ind2=" " ind1=" " tag="042">
      <subfield code="a">dc</subfield>
   </datafield>
   <datafield ind2=" " ind1=" " tag="720">
      <subfield code="a">Nematzadeh, Hossein</subfield>
      <subfield code="e">author</subfield>
   </datafield>
   <datafield ind2=" " ind1=" " tag="720">
      <subfield code="a">Navas-Delgado, Ismael</subfield>
      <subfield code="e">author</subfield>
   </datafield>
   <datafield ind2=" " ind1=" " tag="720">
      <subfield code="a">Berciano-Guerrero, Miguel Ángel</subfield>
      <subfield code="e">author</subfield>
   </datafield>
   <datafield ind2=" " ind1=" " tag="720">
      <subfield code="a">García-Nieto, José Manuel</subfield>
      <subfield code="e">author</subfield>
   </datafield>
   <datafield ind2=" " ind1=" " tag="720">
      <subfield code="a">Hurtado-Requena, Sandro José</subfield>
      <subfield code="e">author</subfield>
   </datafield>
   <datafield ind2=" " ind1=" " tag="720">
      <subfield code="a">Nematzadeh, Hossein</subfield>
      <subfield code="e">author</subfield>
   </datafield>
   <datafield ind2=" " ind1=" " tag="260">
      <subfield code="c">2022-06-08</subfield>
   </datafield>
   <datafield ind2=" " ind1=" " tag="520">
      <subfield code="a">En los últimos años, la Inteligencia Artificial Explicable (XAI)&#xd;
ha atraído la atención en la analítica de datos, ya que muestra un gran potencial en la interpretación de los resultados de complejos modelos de aprendizaje automático en la&#xd;
aplicación de problemas médicos. Se trata de que el resultado de las&#xd;
aplicaciones basadas en el aprendizaje automático deben ser comprendidos por los usuarios finales,&#xd;
especialmente en el contexto de los datos médicos, donde las decisiones deben tomarse cuidadosamente.&#xd;
decisiones. Como tal, se han realizado muchos esfuerzos para explicar el resultado&#xd;
de un modelo complejo de aprendizaje profundo en procesos de reconocimiento y clasificación de&#xd;
y clasificación de imágenes, como en el caso del cáncer de melanoma. Este&#xd;
representa un primer intento (hasta donde sabemos) de investigar experimental y técnicamente la explicabilidad de los métodos modernos de XAI&#xd;
modernos de XAI: explicaciones de modelos de diagnóstico interpretables locales (LIME) y&#xd;
Shapley Additive exPlanations (SHAP), en términos de reproducibilidad de&#xd;
resultados y el tiempo de ejecución en un conjunto de datos de clasificación de imágenes de melanoma.&#xd;
Este artículo muestra que los métodos XAI proporcionan ventajas en la interpretación de los resultados del modelo en la clasificación de imágenes de melanoma.&#xd;
interpretación de los resultados del modelo en la clasificación de imágenes de melanoma. Concretamente, LIME se comporta mejor que el explicador de gradiente SHAP en términos de reproducibilidad&#xd;
y tiempo de ejecución.</subfield>
   </datafield>
   <datafield ind1="8" ind2=" " tag="024">
      <subfield code="a">Hurtado, S., Nematzadeh, H., García-Nieto, J., Berciano-Guerrero, MÁ., Navas-Delgado, I. (2022). On the Use of Explainable Artificial Intelligence for the Differential Diagnosis of Pigmented Skin Lesions. In: Rojas, I., Valenzuela, O., Rojas, F., Herrera, L.J., Ortuño, F. (eds) Bioinformatics and Biomedical Engineering. IWBBIO 2022. Lecture Notes in Computer Science(), vol 13346. Springer, Cham. https://doi.org/10.1007/978-3-031-07704-3_26</subfield>
   </datafield>
   <datafield ind1="8" ind2=" " tag="024">
      <subfield code="a">https://hdl.handle.net/10630/24685</subfield>
   </datafield>
   <datafield tag="653" ind2=" " ind1=" ">
      <subfield code="a">Diagnóstico por imagen - Congresos</subfield>
   </datafield>
   <datafield tag="653" ind2=" " ind1=" ">
      <subfield code="a">Melanoma - Congresos</subfield>
   </datafield>
   <datafield tag="653" ind2=" " ind1=" ">
      <subfield code="a">Inteligencia artificial - Aplicaciones médicas - Congresos</subfield>
   </datafield>
   <datafield ind2="0" ind1="0" tag="245">
      <subfield code="a">On the Use of Explainable Artificial Intelligence for the Differential Diagnosis of Pigmented Skin Lesions</subfield>
   </datafield>
</record>
</metadata></record></GetRecord></OAI-PMH>